| 000 | 00663nam a2200265Ia 4500 | ||
|---|---|---|---|
| 003 | OSt | ||
| 005 | 20250718095227.0 | ||
| 008 | 210210b2019 xxu||||| |||| 00| 0 eng d | ||
| 020 | _a9789351610571 | ||
| 040 | _cAL | ||
| 041 | _aeng | ||
| 082 | _a332.45 JEEF | ||
| 100 |
_aJeevanandam C _9219321 |
||
| 245 | _aForeign exchange and risk management Ed 16 | ||
| 250 | _a16 | ||
| 260 |
_aNew Delhi _bSultan Chand & Sons _c2019 |
||
| 300 | _axxii,672p | ||
| 650 |
_arisk _9219322 |
||
| 650 |
_amanagement _9219323 |
||
| 650 |
_aForeign _9219324 |
||
| 650 |
_aexchange _9219325 |
||
| 690 |
_aForeign Exchange _9219326 |
||
| 906 | _a074257 | ||
| 942 |
_2ddc _cBK |
||
| 999 |
_c124030 _d124030 |
||